Applied numerical linear algebra (Record no. 63804)

000 -LEADER
fixed length control field 00527nam a22001937a 4500
003 - CONTROL NUMBER IDENTIFIER
control field NUST - PNEC
005 - DATE AND TIME OF LATEST TRANSACTION
control field 20170116180823.0
008 - FIXED-LENGTH DATA ELEMENTS--GENERAL INFORMATION
fixed length control field 150625b xxu||||| |||| 00| 0 eng d
020 ## - INTERNATIONAL STANDARD BOOK NUMBER
International Standard Book Number 0130413690
040 ## - CATALOGING SOURCE
Transcribing agency LIBRARY
082 ## - DEWEY DECIMAL CLASSIFICATION NUMBER
Classification number 512.5 HAG
100 ## - MAIN ENTRY--PERSONAL NAME
9 (RLIN) 4224
Personal name Hager, William W.
245 ## - TITLE STATEMENT
Title Applied numerical linear algebra
Statement of responsibility, etc. William W. Hager
250 ## - EDITION STATEMENT
Edition statement -
260 ## - PUBLICATION, DISTRIBUTION, ETC.
Place of publication, distribution, etc. USA
Name of publisher, distributor, etc. Prentice Hall International' Inc.
Date of publication, distribution, etc. c1988.
300 ## - PHYSICAL DESCRIPTION
Extent 424 p. :
650 ## - SUBJECT ADDED ENTRY--TOPICAL TERM
9 (RLIN) 4226
Topical term or geographic name entry element Numerical calculations
General subdivision General
942 ## - ADDED ENTRY ELEMENTS (KOHA)
Source of classification or shelving scheme
Koha item type Book
Holdings
Withdrawn status Lost status Source of classification or shelving scheme Damaged status Not for loan Permanent Location Current Location Shelving location Date acquired Source of acquisition Cost, normal purchase price Total Checkouts Full call number Barcode Date last seen Cost, replacement price Price effective from Koha item type
          Pakistan Navy Engineering College (PNEC) Pakistan Navy Engineering College (PNEC)   09/16/1992 Paramount Publishing Enterprise / Library / Reference Grant 414.00   512.5 HAG PNECLIB-016585 06/25/2015 414.00 09/16/1992 Book
© 2023 Central Library, National University of Sciences and Technology. All Rights Reserved.